<?xml version="1.0" encoding="UTF-8"?>
<record
    xmlns:xsi="http://www.w3.org/2001/XMLSchema-instance"
    xsi:schemaLocation="http://www.loc.gov/MARC21/slim http://www.loc.gov/standards/marcxml/schema/MARC21slim.xsd"
    xmlns="http://www.loc.gov/MARC21/slim">

  <leader>01757nam a22004337a 4500</leader>
  <controlfield tag="001">BRCA_9245</controlfield>
  <controlfield tag="003">FranzMayer</controlfield>
  <controlfield tag="005">20230717135400.0</controlfield>
  <controlfield tag="008">230710b        |||||||| |||| 00| 0 eng d</controlfield>
  <datafield tag="020" ind1=" " ind2=" ">
    <subfield code="a">9786077891604</subfield>
  </datafield>
  <datafield tag="040" ind1=" " ind2=" ">
    <subfield code="a">MFM</subfield>
    <subfield code="c">MFM</subfield>
    <subfield code="b">esp</subfield>
  </datafield>
  <datafield tag="041" ind1=" " ind2=" ">
    <subfield code="a">esp</subfield>
  </datafield>
  <datafield tag="050" ind1=" " ind2=" ">
    <subfield code="a">F1386</subfield>
    <subfield code="b">P76 2022</subfield>
  </datafield>
  <datafield tag="110" ind1="1" ind2=" ">
    <subfield code="a">MONEX</subfield>
    <subfield code="b">Pro Bosque de Chapultepec</subfield>
    <subfield code="9">28612</subfield>
  </datafield>
  <datafield tag="240" ind1="1" ind2=" ">
    <subfield code="a">El bosque de Chapultepec, sitio sagrado y natural de M&#xE9;xico</subfield>
    <subfield code="l">Espa&#xF1;ol</subfield>
  </datafield>
  <datafield tag="245" ind1="0" ind2=" ">
    <subfield code="a">El bosque de Chapultepec</subfield>
    <subfield code="b">Sitio sagrado y natural de M&#xE9;xico</subfield>
  </datafield>
  <datafield tag="250" ind1=" " ind2=" ">
    <subfield code="a">Tercera edici&#xF3;n</subfield>
  </datafield>
  <datafield tag="260" ind1=" " ind2=" ">
    <subfield code="a">CDMX</subfield>
    <subfield code="b">Pro Bosque de Chapultepec</subfield>
    <subfield code="c">2022</subfield>
  </datafield>
  <datafield tag="300" ind1=" " ind2=" ">
    <subfield code="a">264 p</subfield>
    <subfield code="b">ilustraciones</subfield>
    <subfield code="c">33 cm</subfield>
  </datafield>
  <datafield tag="440" ind1=" " ind2=" ">
    <subfield code="a">El bosque de Chapultepec </subfield>
    <subfield code="9">28613</subfield>
  </datafield>
  <datafield tag="500" ind1=" " ind2=" ">
    <subfield code="a">L60/N4</subfield>
  </datafield>
  <datafield tag="505" ind1="0" ind2=" ">
    <subfield code="a">Texto en: Espa&#xF1;olDedicado a: investigadores, historiadores, muse&#xF3;grafos, arquitectos, bi&#xF3;logosIncluye &#xED;ndice (tem&#xE1;tico)Bibliograf&#xED;a 258-260 PP.Incluye agradecimientos y cr&#xE9;ditos de la imagen </subfield>
  </datafield>
  <datafield tag="533" ind1=" " ind2=" ">
    <subfield code="b">CDMX</subfield>
    <subfield code="c">Pro Bosque de Chapultepec</subfield>
    <subfield code="d">2022</subfield>
  </datafield>
  <datafield tag="610" ind1="1" ind2=" ">
    <subfield code="a">MONEX</subfield>
    <subfield code="b">Pro Bosque de Chapultepec</subfield>
    <subfield code="9">28614</subfield>
  </datafield>
  <datafield tag="650" ind1="1" ind2=" ">
    <subfield code="2">Arte </subfield>
    <subfield code="a">Historia del arte</subfield>
    <subfield code="9">28615</subfield>
    <subfield code="v">M&#xE9;xico</subfield>
  </datafield>
  <datafield tag="651" ind1="2" ind2=" ">
    <subfield code="2">M&#xE9;xico</subfield>
    <subfield code="a">M&#xE9;xico (Ciudad)</subfield>
    <subfield code="z">CDMX</subfield>
    <subfield code="9">28616</subfield>
  </datafield>
  <datafield tag="700" ind1="1" ind2=" ">
    <subfield code="4">Ed.</subfield>
    <subfield code="a">Orellana de, Margarita</subfield>
    <subfield code="9">28618</subfield>
  </datafield>
  <datafield tag="700" ind1="1" ind2=" ">
    <subfield code="4">Fot.</subfield>
    <subfield code="a">Pacheco, Marco Antonio</subfield>
    <subfield code="9">28619</subfield>
  </datafield>
  <datafield tag="700" ind1="1" ind2=" ">
    <subfield code="4">Fot.</subfield>
    <subfield code="a">V&#xE9;rtiz, Jorge</subfield>
    <subfield code="9">28620</subfield>
  </datafield>
  <datafield tag="700" ind1="1" ind2=" ">
    <subfield code="4">Fot.</subfield>
    <subfield code="a">Calderwood, Michael</subfield>
    <subfield code="9">28621</subfield>
  </datafield>
  <datafield tag="700" ind1="1" ind2=" ">
    <subfield code="4">Fot.</subfield>
    <subfield code="a">Schalkwijk, Bob</subfield>
    <subfield code="9">28622</subfield>
  </datafield>
  <datafield tag="700" ind1="1" ind2=" ">
    <subfield code="4">Ill.</subfield>
    <subfield code="a">Ju&#xE1;rez Vivas, Magdalena</subfield>
    <subfield code="9">28623</subfield>
  </datafield>
  <datafield tag="700" ind1="1" ind2=" ">
    <subfield code="4">Cor.</subfield>
    <subfield code="a">Cu&#xE9;llar, Stella</subfield>
    <subfield code="9">28624</subfield>
  </datafield>
  <datafield tag="700" ind1="1" ind2=" ">
    <subfield code="4">Ico.</subfield>
    <subfield code="a">Fragoso Hern&#xE1;ndez, Agla&#xE9;</subfield>
    <subfield code="9">28625</subfield>
  </datafield>
  <datafield tag="700" ind1="1" ind2=" ">
    <subfield code="4">Ico.</subfield>
    <subfield code="a">Mel&#xE9;ndez Vergara, Miztli</subfield>
    <subfield code="9">28626</subfield>
  </datafield>
  <datafield tag="700" ind1="1" ind2=" ">
    <subfield code="4">Dis.</subfield>
    <subfield code="a">Rodr&#xED;guez, Luis</subfield>
    <subfield code="9">28627</subfield>
  </datafield>
  <datafield tag="710" ind1="1" ind2=" ">
    <subfield code="a">COMEX</subfield>
    <subfield code="b">Pro Bosque de Chapultepec</subfield>
    <subfield code="9">28617</subfield>
  </datafield>
  <datafield tag="942" ind1=" " ind2=" ">
    <subfield code="2">lcc</subfield>
    <subfield code="c">B</subfield>
    <subfield code="e">Tercera edici&#xF3;n</subfield>
  </datafield>
  <datafield tag="999" ind1=" " ind2=" ">
    <subfield code="c">10864</subfield>
    <subfield code="d">10864</subfield>
  </datafield>
  <datafield tag="952" ind1=" " ind2=" ">
    <subfield code="0">0</subfield>
    <subfield code="1">0</subfield>
    <subfield code="2">lcc</subfield>
    <subfield code="4">0</subfield>
    <subfield code="7">0</subfield>
    <subfield code="8">FCON</subfield>
    <subfield code="a">BRCA</subfield>
    <subfield code="b">BRCA</subfield>
    <subfield code="d">2023-07-12</subfield>
    <subfield code="e">Donaci&#xF3;n</subfield>
    <subfield code="l">0</subfield>
    <subfield code="o">F1386 P76 2022</subfield>
    <subfield code="p">CONT10039</subfield>
    <subfield code="r">2023-07-12 00:00:00</subfield>
    <subfield code="t">1</subfield>
    <subfield code="w">2023-07-12</subfield>
    <subfield code="y">B</subfield>
  </datafield>
</record>
